Tarihsel Bayraklar Sınavı 5 - Statistics

General Stats
  • This quiz has been taken 25 times
  • The average score is 5 of 16
Answer Stats
Picture Answer % Correct
Anadolu Selçuklu
88%
Venedik
68%
İlhanlı
56%
Eflak
48%
İrlanda
48%
Candaroğulları
40%
Ceneviz
40%
Töton Şövalyeleri
32%
Tilimsan
20%
Astrahan
12%
Celayir
12%
Fas Krallığı
12%
Gırnata Emirliği
12%
Sibir Hanlığı
12%
Muvahhidler
8%
Bulgaristan
4%
No matching quizzes found
Score Distribution
Percent of People with Each Score
Percentile by Number Answered
Your Score History
You have not taken this quiz